Paris Saint-Germain - saison 24/25 - Statistiques

Statistiques générales
  • Ce quiz a été pris 103 fois
  • Le résultat moyen est 10 sur 15
Statistiques - réponses
Question Réponse % Correct
Quel joueur était le capitaine de l'équipe lors de la saison 24/25 ? Marquinhos
99%
Quel joueur a terminé meilleur buteur lors de la saison 24/25 ? Ousmane Dembélé
98%
Contre quel club français le PSG a-t-il disputé les barrages permettant d'accéder aux 8èmes de finale de Ligue des Champions ? Brest
91%
Menés 2-0 à la 53e minute contre Manchester City en Ligue des Champions, sur quel score les parisiens se sont-ils finalement imposés ? 4-2
84%
Quel joueur a été désigné homme du match de la finale de Ligue des Champions ? Désiré Doué
84%
Contre quel adversaire le PSG a-t-il débuté sa campagne de Ligue des Champions ? Girona
80%
Contre Liverpool, qui sont les 4 joueurs à avoir marqué lors de la séance de tirs au but ? Vitinha, Dembélé, Ramos, Doué
71%
Lors de la finale de Ligue des Champions remportée 5-0 face à l'Inter Milan, quel était le score à la mi-temps ? 2-0
69%
Contre quelle équipe le PSG a-t-il remporté son premier trophée de la saison, le Trophée des Champions ? Monaco
56%
Lors du quart de finale aller de Ligue des Champions face à Aston Villa, de quel série TV s'inspirait le tifo réalisé par les supporters ? Peeky Blinders
48%
Du combientième titre de champions de France de Ligue 1 s'agissait-il ? 13
44%
Combien de trophée le club a-t-il remporté lors de la saison 24/25 ? 4
42%
Lors de la victoire 1-0 contre Angers (28e journée de Ligue 1) qui fut l'unique buteur permettant au club de sécuriser le titre de Champions de France ? Désiré Doué
37%
Lors de la finale de Coupe de France, quel joueur délivre les deux passes décisives pour les buts de Bradley Barcola ? Désiré Doué
31%
Quel joueur à disputé le plus de match toutes compétitions confondues avec le PSG ? Bradley Barcola
19%
Aucun quiz correspondant
Distribution des résultats
% des personnes avec chaque résultat
Percentile par nombre de réponses
Votre historique - résultats
Vous n’avez pas pris ce quiz